Statistics for Witcher 3 Gwent Hero Cards

Click here to take the quiz!

General Stats

  • This quiz has been taken 281 times
  • The average score is 8 of 21

Answer Stats

Answer% Correct
NeutralCirilla Fiona Elen Riannon
92%
NeutralGeralt of Rivia
90%
NeutralTriss Merigold
80%
NeutralYennefer of Vengerberg
68%
Northern RealmsVernon Roche
63%
NeutralAvallac'h
39%
Scoio'taelIorveth
37%
MonstersImlerith
36%
Northern RealmsJohn Natalis
36%
NilfgaardLetho of Gulet
35%
MonstersLeshen
29%
MonstersDraug
25%
MonstersKayran
23%
Northern RealmsEsterad Thyssen
22%
Scoio'taelEithne
21%
Northern RealmsPhillipa Eilhart
19%
NilfgaardMenno Coehoorn
17%
Scoio'taelSaesenthessis
16%
NilfgaardTibor Eggebracht
14%
NilfgaardMovrhan Voorhis
10%
Scoio'taelIsengrim Faoiltiarnah
0%

Score Distribution

Percentile by Number Answered

Percent of People with Each Score

Your Score History

You have not taken this quiz